000 00786cam a22002531 4500
001 77231
003 BD-RjUL
005 20211209082939.0
008 200304r19511960enk 000 0 eng
035 _a(BD-RjUL)77456
040 _aDLC
_cPPi
_dOCoLC
_dUk
_dDLC
_beng
041 _aeng
042 _apremarc
082 _a821.47
_219
_bTIS 1951
100 1 _aTillyard, E. M. W.
_q(Eustace Mandeville Wetenhall),
_d1889-1962.
_9240381
245 0 0 _aStudies in Milton./
_cE.M.W. Tillyard
260 _aLondon:
_bChatto & Windus,
_c1951.[1960]
300 _a176 p. ;
_c21 cm.
600 1 0 _aMilton, John,
_d1608-1674
_xCriticism and interpretation.
_9240384
906 _a7
_bcbc
_coclcrpl
_du
_encip
_f19
_gy-gencatlg
942 _2ddc
_cBK
999 _c77231
_d77231